000 01076nam a2200241 i 4500
001 181818
003 ES-MaACL
005 20230906221448.0
008 130401s1932 sp |||| | spa d
080 _a903(460.226 Alcañiz)
100 1 _aBruhl, Adrián.
_9152547
245 1 0 _aExcavaciones en el Cabezo de Cascarujo, término de Alcañiz (Teruel)
_b: memoria de los trabajos realizados en dichas excavaciones de la que era concesionario Don Pedro Paris /
_credactada por Adrián Bruhl.
260 _aMadrid :
_b[s.n.],
_c1932 (
_fTip. de Archivos)
300 _a21 p., IX h. de lám. ;
_c24 cm.
490 1 _aJunta Superior de Excavaciones y Antigüedades ;
_v121 ;
_v5 de 1931
650 4 _aExcavaciones arqueológicas-
_zAlcañiz.
_9152506
651 4 _aAlcañiz-
_xRestos arqueológicos.
_9152507
700 1 _aParis, Pierre.
_989141
710 2 _aEspaña.
_bJunta Superior de Excavaciones y Antigüedades.
_9152463
830 1 _aJunta Superior de Excavaciones y Antigüedades ;
_v121 ;
_v5 de 1931
_9191570
852 _aES-MaACL
_jE-3381(1)
999 _c181818
_d181818